| 000 | 00983nas a2200313 4500 | ||
|---|---|---|---|
| 001 | BR2019000051 | ||
| 003 | BR-BrBNA | ||
| 005 | 20231205131528.0 | ||
| 007 | ta | ||
| 008 | 230509b bl.|||p| |||| 00| 00por d | ||
| 040 |
_aBR-BrBNA _bpor _cBiblioteca Nacional de Agricultura |
||
| 041 | _a(En) | ||
| 072 | _aF01 | ||
| 100 | 1 | _aVargas, P.F. | |
| 100 | 1 | _aDuarte, L.S. | |
| 100 | 1 | _aSilva, E.H.C. | |
| 100 | 1 | _aZecchini, A.C. | |
| 100 | 1 | _aSoares, R.s. | |
| 100 | 1 | _aGodoy, L.J.G. | |
| 245 | 1 | _aPerformance of mini-tomato hybrids in different training systems with different number of stems | |
| 650 | _aTOMATE | ||
| 650 | _aHÍBRIDO | ||
| 650 | _aPRÁTICA CULTURAL | ||
| 650 | _aPRODUÇÃO VEGETAL | ||
| 773 | 0 |
_tHorticultura Brasileira (Brazil) _xISSN 1806-9991 _g(Jul-Sep 2017), v. 35(3) p. 428-433 _wBR2019000051 |
|
| 856 | 4 | 0 | _uhttp://www.scielo.br/pdf/hb/v35n3/1806-9991-hb-35-03-00428.pdf |
| 909 |
_a202311 _bLúcia _c55 _dLúcia Elande |
||
| 942 |
_2AGRIS _n0 _cANA |
||
| 999 |
_c255295 _d255295 |
||